山手線の駅 - Statistics

General Stats
  • This quiz has been taken 80 times
  • The average score is 27 of 30
Answer Stats
Answer % Correct
東京
100%
高輪ゲートウェイ
100%
新宿
97%
秋葉原
96%
日暮里
96%
高田馬場
96%
渋谷
96%
目黒
96%
品川
96%
西日暮里
94%
原宿
94%
神田
93%
上野
93%
田町
93%
新橋
93%
鶯谷
91%
浜松町
91%
御徒町
90%
池袋
90%
目白
90%
有楽町
90%
新大久保
88%
代々木
88%
大崎
88%
恵比寿
87%
五反田
87%
巣鴨
85%
田端
84%
大塚
84%
駒込
81%
No matching quizzes found
Score Distribution
Percent of People with Each Score
Percentile by Number Answered
Your Score History
You have not taken this quiz